Statistiques concernant Clips du top 50 de l'année 2003

Cliquez ici pour prendre le quiz!

Statistiques générales

  • Ce quiz a été pris 115 fois
  • Le résultat moyen est 5 sur 8

Statistiques - réponses

Réponse% Correct
Diam's - DJ
90%
Jean-Jacques Goldman - Et l’on n’y peut rien
85%
Florent Pagny - Ma liberté de penser
76%
Kyo - Dernière Danse
75%
Nolwenn Leroy - Cassé
59%
Tragédie - Hey oh
53%
Faudel - Je veux vivre
41%
Priscilla - Regarde-moi (Teste-moi, déteste-moi)
41%

Distribution des résultats

Percentile par nombre de réponses

% des personnes avec chaque résultat

Votre développement - résultats

Vous n’avez pas pris ce quiz